Films avec Charles Bronson (par image) - Statistiques

Statistiques générales
  • Ce quiz a été pris 14 fois
    13 depuis la dernière actualisation
  • Le résultat moyen est 4 sur 20
Statistiques - réponses
Par images Réponse % Correct
Il était une fois dans l'ouest
100%
Les Sept mercenaires
64%
Soleil rouge
64%
Un justicier dans la ville
64%
La Grande évasion
55%
Le Passager de la pluie
27%
Les Douze salopards
27%
De la part des copains
18%
Les Baroudeurs
9%
Pancho Villa
9%
Cabo Blanco
0%
Chino
0%
La Bataille de San Sebastian
0%
La Cité de la violence
0%
La Loi de Murphy
0%
La Proie des vautours
0%
Le Cercle noir
0%
Le Peuple accuse O'Hara
0%
Le Solitaire de Fort Humboldt
0%
L'Évadé
0%
Aucun quiz correspondant
Distribution des résultats
% des personnes avec chaque résultat
Percentile par nombre de réponses
Votre historique - résultats
Vous n’avez pas pris ce quiz depuis la dernière actualisation